Rural property valuation paper published (Record no. 73438)
[ view plain ]
| 000 -LEADER | |
|---|---|
| fixed length control field | 01249cam a2200229 4500 |
| 001 - CONTROL NUMBER | |
| control field | WB3936-25 |
| 008 - FIXED-LENGTH DATA ELEMENTS--GENERAL INFORMATION | |
| fixed length control field | 030923n2003 000 0 eng u |
| 035 ## - SYSTEM CONTROL NUMBER | |
| System control number | (Sirsi) u123694 |
| 245 ## - TITLE STATEMENT | |
| Title | Rural property valuation paper published |
| 260 ## - PUBLICATION, DISTRIBUTION, ETC. | |
| Date of publication, distribution, etc. | 2003 |
| 490 ## - SERIES STATEMENT | |
| Series statement | RICS Rural Faculty News |
| Volume/sequential designation | 23 September 2003 (1) |
| 520 ## - SUMMARY, ETC. | |
| Summary, etc. | RICS Books has published "Rural property valuation: Valuation Information Paper No.5", which provides supplementary information for members carrying out the valuation of rural property in accordance with the "Red book. It has been written in the context of UK law and practice but the matters covered may be relevant for other states. All references to Practice Statements (PS) or appendices are to the fifth edition of the "Red book". It is available free to subscribers to the "red book". £20. ISBN 1842191470. http://www.rics.org/ricscms/bin/show?class=News&template=/includes/shownews.html&id=7061&faculty=Rural&faculty=All%20Faculties |
| 590 ## - LOCAL NOTE (RLIN) | |
| Local note | WB |
| 650 ## - SUBJECT ADDED ENTRY--TOPICAL TERM | |
| Topical term or geographic name entry element | RURAL PROPERTY |
| 650 ## - SUBJECT ADDED ENTRY--TOPICAL TERM | |
| Topical term or geographic name entry element | RURAL AREAS |
| 650 ## - SUBJECT ADDED ENTRY--TOPICAL TERM | |
| Topical term or geographic name entry element | AGRICULTURAL PRODUCTION |
| 650 ## - SUBJECT ADDED ENTRY--TOPICAL TERM | |
| Topical term or geographic name entry element | RURAL LEISURE |
| 650 ## - SUBJECT ADDED ENTRY--TOPICAL TERM | |
| Topical term or geographic name entry element | RURAL DWELLINGS |
| 650 ## - SUBJECT ADDED ENTRY--TOPICAL TERM | |
| Topical term or geographic name entry element | RURAL BUSINESSES |
| 690 ## - LOCAL SUBJECT ADDED ENTRY--TOPICAL TERM (OCLC, RLIN) | |
| Topical term or geographic name as entry element | PROPERTY-PROPERTY APPRAISAL AND VALUATION |
| 942 ## - ADDED ENTRY ELEMENTS (KOHA) | |
| Suppress in OPAC | 0 |
| Withdrawn status | Lost status | Source of classification or shelving scheme | Damaged status | Not for loan | Home library | Current library | Shelving location | Date acquired | Total Checkouts | Full call number | Barcode | Date last seen | Copy number | Price effective from | Koha item type |
|---|---|---|---|---|---|---|---|---|---|---|---|---|---|---|---|
| Dewey Decimal Classification | London | London | News article | 23/09/2003 | WB3936-25 | 123694-1001 | 06/08/2019 | 1 | 06/08/2019 | News article |